000 00391nam a2200157Ia 4500
008 230917s9999||||xx |||||||||||||| ||und||
040 _e124821
_aMAIN
041 _aEnglish
082 _a361 F495F
100 _aFink, Arthur E
245 0 _aField of social work
250 _a7th ed.
260 _aNew York
_bHolt, Rinehart and Winston
_c1978
300 _aviii p. ; 342p.
942 _cBK
999 _c190478
_d190478